[Event "Merida 2nd"]
[Site "Merida"]
[Date "2001.05.16"]
[Round "1"]
[White "Hernandez Guerrero, Gilberto Eduardo"]
[Black "Short, Nigel D"]
[Result "1/2-1/2"]
[WhiteElo "2567"]
[BlackElo "2676"]
[Annotator "Finkel,A"]
[PlyCount "82"]
[EventDate "2001.05.13"]
[EventType "tourn"]
[EventRounds "6"]
[EventCountry "MEX"]
[EventCategory "18"]
[SourceTitle "CBM 084"]
[Source "ChessBase"]
[SourceDate "2001.09.13"]
[SourceVersion "1"]
[SourceVersionDate "2001.09.13"]
[SourceQuality "1"]

1. e4 e6 2. d4 d5 3. Nc3 Nf6 4. Bg5 Be7 5. e5 Nfd7 6. Bxe7 Qxe7 7. f4 a6 8. Qd2
c5 9. dxc5 Qxc5 10. Nf3 Nc6 11. O-O-O Nb6 (11... O-O 12. Bd3 f6 13. Rhe1 b5 14.
exf6 Nxf6 15. Ng5 Re8 16. Nf3 Bd7 17. Ne5 Re7 18. Kb1 $14 {Sax,G-Skok,J/Pula
1998/EXT 2000}) 12. h4 (12. Bd3 Na5 13. b3 Bd7 14. Kb1 Qb4 (14... Rc8 15. Ne2
Nc6 16. c3 Rc7 17. g4 f6 18. exf6 gxf6 19. Ned4 $16 {Kindermann,S-Franke,H/
Germany 1989/GER-chT}) 15. Ne2 Qxd2 16. Rxd2 Nc8 17. g4 Ne7 18. Ng3 O-O 19. Re1
Rae8 20. f5 exf5 21. gxf5 f6 22. exf6 gxf6 23. c4 $14 {Markovic,I-Saric,I/
Vrnjacka Banja 1996/EXT 2000}) (12. Nd4 Nxd4 13. Qxd4 Qxd4 14. Rxd4 h5 15. h4
Nd7 16. Rh3 g6 17. a4 Nb8 18. Rb4 Nc6 19. Rb3 Kd8 20. Nd1 Kc7 21. Nf2 Bd7 22.
Rhc3 Rhb8 $11 {Hellers,F-Visser,Y/Amsterdam 1990/CBM 20}) 12... Bd7 13. Rh3 h6
$5 {With this move black starts a new plan: after h6 it's absolutely clear
that black king won't find a shelter on the kingside.} (13... Rc8 14. Rg3 g6
15. Ng5 Kf8 16. h5 h6 17. Nf3 gxh5 18. Rh3 $14 {Borkowski,F-Moskalenko,V/
Moscow 1991/CBM 26}) 14. Rg3 Rg8 15. h5 $6 (15. Bd3 O-O-O 16. Bh7 $2 Nc4 17.
Qd3 Qb4 $19) (15. Nd4 Nxd4 16. Qxd4 Qxd4 17. Rxd4 Bc6 18. Bd3 $14) 15... O-O-O
16. Kb1 f6 $11 {Now it's clear that black has solved opening problems.} 17.
exf6 (17. Bd3 $5 fxe5 18. fxe5 Nc4 19. Bxc4 Qxc4 20. Ne2 Qe4 $13) 17... gxf6
18. Rxg8 Rxg8 19. f5 {[%csl Rd5,Rh6]} e5 20. Nxd5 (20. Qxh6 Bxf5 21. Qxf6 Rf8
22. Qg7 d4 {[%csl Rc2]} 23. g4 dxc3 24. gxf5 Qb4 25. b3 Qa3 $19) 20... Nxd5 21.
Qxd5 Qxd5 22. Rxd5 Bxf5 {After very short middlegame the game entered an
ending where black's chanses seems to be preferable.} 23. Rd6 (23. Kc1 Be4 24.
Rd1 Bxf3 25. gxf3 Rg5 $17) 23... Rd8 (23... Rf8 $5 24. Be2 (24. Bd3 $2 Bxd3 25.
cxd3 Kc7 26. Rd5 Rg8 $19) (24. Nh4 Bg4 25. Ng6 Rf7 26. Bc4 Rd7 27. Rxd7 Kxd7
$17) 24... Kc7 25. Rd1 Rg8 $15) 24. Rxd8+ Kxd8 25. Be2 Bg4 (25... Nb4 26. Ne1
Nd5 27. g4 Be6 28. Ng2 f5 29. gxf5 Bxf5 30. Kc1 $11) 26. Ng1 Be6 (26... Bxe2
27. Nxe2 Ke7 28. g4 f5 29. gxf5 Kf6 30. Ng3 Ne7 31. c4 Nxf5 32. Ne4+ Ke7 $13)
27. Kc1 f5 28. Kd2 Ke7 29. g3 Kf6 30. b3 f4 (30... Kg5 31. Nf3+ Kf6 32. c3 f4
33. gxf4 exf4 $15) 31. gxf4 exf4 32. c3 a5 (32... Kg5 33. Nf3+ Kxh5 34. Ne5+
Kg5 35. Nxc6 bxc6 36. Bxa6 h5 37. Bb7 Bd7 38. a4 $132) 33. Kd3 Bd5 34. c4 Bg2
35. Bf3 Bxf3 36. Nxf3 Kf5 (36... Ne5+ 37. Ke4 $1 Nxf3 38. Kxf3 Kg5 39. a3 Kxh5
40. Kxf4 Kg6 41. b4 a4 (41... axb4 42. axb4 Kf6 43. c5 Ke6 44. b5 $11) 42. c5
Kf7 43. Kf5 h5 44. b5 h4 45. Kg4 Ke6 46. Kxh4 Kd5 47. c6 bxc6 48. bxc6 Kxc6 49.
Kg5 Kc5 50. Kf4 Kc4 51. Ke3 Kb3 52. Kd3 Kxa3 53. Kc2 $11) 37. a3 b6 38. Nd2 Ke5
39. Nf3+ Kf5 40. Nd2 Ne5+ 41. Kd4 f3 1/2-1/2

[Event "YUG-ch 57th"]
[Site "Banja Koviljaca"]
[Date "2002.03.24"]
[Round "8"]
[White "Pikula, Dejan"]
[Black "Antic, Dejan"]
[Result "1-0"]
[WhiteElo "2466"]
[BlackElo "2470"]
[Annotator "Finkel,A"]
[PlyCount "75"]
[EventDate "2002.03.16"]
[EventType "tourn"]
[EventRounds "13"]
[EventCountry "YUG"]
[EventCategory "10"]
[SourceTitle "CBM 089"]
[Source "ChessBase"]
[SourceDate "2002.08.12"]
[SourceVersion "1"]
[SourceVersionDate "2002.08.12"]
[SourceQuality "1"]

1. e4 e6 2. d4 d5 3. Nc3 Nf6 4. Bg5 Be7 5. e5 Nfd7 6. Bxe7 Qxe7 7. f4 a6 8. Nf3
c5 9. dxc5 Nc6 10. Qd2 Qxc5 11. Bd3 b5 12. a3 (12. Ne2 Nb6 13. b3 Nc4 $5 14.
bxc4 bxc4 15. Bxh7 Rxh7 16. Ned4 c3 $13 {Dzindzichashvili,R-Bonin,J/Boston 1988
}) 12... Rb8 (12... Bb7 13. Qf2 (13. b4 Qb6 14. Qf2 Rc8 15. Ne2 Qxf2+ 16. Kxf2
Ke7 17. Ned4 Nb6 18. h4 Na4 19. h5 $14 {King,D-Landenbergue,C/Luzern 1989})
13... Qxf2+ (13... b4 14. axb4 Nxb4 15. Nd4 O-O 16. O-O Rae8 $11 {Martin
Gonzalez,A-Kortschnoj,V/Salamanca 1991}) (13... h6 14. h4 O-O-O 15. Qxc5 Nxc5
16. b4 d4 17. Ne4 Nxe4 18. Bxe4 Ne7 $11 {Liberzon,V-Raicevic,V/Hastings 1979})
14. Kxf2 Nc5 15. Rac1 O-O-O 16. b4 Nxd3+ 17. cxd3 Kd7 18. Ne2 $14 {1/2-1/2
Westman,J-Johansson,M/Malmo 1966/EXT 99 (18)}) (12... O-O 13. Qf2 Qxf2+ 14.
Kxf2 Nb6 15. g4 $5 f6 16. exf6 Rxf6 17. Kg3 Bd7 18. g5 Rf7 19. Nh4 $14 {
Papadopoulou,L-Garneli,V/Serres 1992}) (12... h6 13. Qf2 b4 14. axb4 Qxb4 15.
O-O Qxb2 16. Nb5 O-O 17. Rfb1 axb5 18. Rxb2 Rxa1+ 19. Ne1 $16 {Hebden,
M-Raicevic,V/Moscow 1986}) (12... f6 13. exf6 Nxf6 14. Ne2 O-O 15. Nfd4 $14 {
Al Modiahki,M-Cave,C/Elista 1998}) 13. b4 (13. Qf2 b4 14. Nd1 (14. axb4 Nxb4
15. Nd4 Nxd3+ 16. cxd3 Rb4 17. Nce2 Rxb2 $17 {Richmond,J-Ashby,A/England 1996})
14... a5 15. O-O Qxf2+ 16. Kxf2 Nc5 17. Ke3 Ba6 18. Bxa6 Nxa6 $11 {Van der
Veen,J-Vedder,R/Dieren 2000}) 13... Qb6 (13... Qe7 14. O-O g6 $6 15. Rae1 Nb6
16. Nd1 Nc4 17. Bxc4 bxc4 18. Nf2 h5 19. c3 Kf8 20. Nd4 $16 {Speckner,
R-Stierhof,M/Bayern 1993}) 14. Qf2 {Typical for the french defense trade of
queens promising white better chances in the endgame} f6 (14... O-O 15. Qh4 (
15. Ne2 $5 {[%cal Ge2d4]}) 15... h6 16. Ne2 Bb7 17. g4 Qe3 18. Rf1 f6 19. exf6
Nxf6 20. g5 $36) 15. exf6 Qxf2+ 16. Kxf2 gxf6 $6 {No easy life expects black
also after} (16... Nxf6 17. Rhe1 O-O 18. g3 $14 {[%csl Re6][%cal Gc3e2,Ge2d4] ,
but it should be prefered}) 17. f5 $5 Nde5 18. Rhe1 Rb7 (18... Nxd3+ $6 19.
cxd3 Kf7 20. Rac1 Rb6 21. fxe6+ Bxe6 22. Ne2 $16) 19. fxe6 Bxe6 20. Ne2 Ke7 21.
Ned4 {White's plan is to transfer a4 at some stage while black is totally
deprived of active counterplay.} Kd6 (21... Nxd4 22. Nxd4 Rc7 23. a4 $16 {
[%csl Ra6,Rb5]}) 22. Nxc6 Nxc6 23. h3 {[%csl Gg4]} Rc8 $6 (23... h5 {[%cal
Gb7g7,Gh8g8]} 24. Re3 Rg7 25. Rae1 Bd7 $14) 24. Re3 Ne5 $6 25. Nd4 h5 26. a4 $1
$16 {Just at the right time!} Bd7 ({More chances for successfull defense would
leave} 26... bxa4 $5 27. Rxa4 $5 (27. Bxa6 Rxb4 28. Bxc8 Bxc8 29. c3 Rb2+ 30.
Re2 Rxe2+ 31. Kxe2 Bd7 $14) 27... Ra8 $1 28. Bxa6 Rb6 $16) 27. axb5 Bxb5 28.
Bxb5 axb5 29. Ra6+ Ke7 (29... Kd7 30. Rxf6 $18) 30. Nf5+ Kd8 31. c3 $1 $18 {
[%csl Rf6][%cal Gf5d6]} Rc6 32. Rxc6 Nxc6 33. Re6 Kc7 34. Ne7 $1 (34. Rxf6 $18)
34... Nxe7 35. Rxe7+ Kc6 36. Rxb7 Kxb7 37. g4 hxg4 (37... h4 38. Kf3 Kc7 39.
Kf4 Kd7 40. g5 fxg5+ 41. Kxg5 Ke6 42. Kxh4 $18) 38. h4 $1 {[%cal Gh4h8]} 1-0

[Event "Abu Dhabi op 14th"]
[Site "Abu Dhabi"]
[Date "2004.08.16"]
[Round "3"]
[White "Dzhumaev, Marat"]
[Black "Ulybin, Mikhail"]
[Result "1-0"]
[WhiteElo "2520"]
[BlackElo "2586"]
[Annotator "Finkel,A"]
[PlyCount "111"]
[EventDate "2004.08.14"]
[EventType "swiss"]
[EventRounds "9"]
[EventCountry "UAE"]
[SourceTitle "CBM 103"]
[Source "ChessBase"]
[SourceDate "2004.11.11"]
[SourceVersion "1"]
[SourceVersionDate "2004.11.11"]
[SourceQuality "1"]

1. e4 e6 2. d4 d5 3. Nc3 Nf6 4. Bg5 Be7 5. e5 Nfd7 6. h4 $5 {This pawn
sacrifice was one of the favorite lines of the great Alexander Alekhine. In
the modern chess practice this line was adopted by another Alexander, who
might also be the world champion one day- Alexander Grischuk.} Bxg5 7. hxg5
Qxg5 8. Nh3 {Swedish GM Jonny Hector, who is a leading expert in this line
prefers 8.Qd3, but a move in the game is also interesting.} (8. Qd3) 8... Qe7
9. Nf4 g6 10. Qg4 Nc6 11. O-O-O h5 12. Qf3 Nb6 13. g4 {Forcing black pawn to
come to h4.} (13. Nb5 a6 14. Na3 Bd7 15. g4 h4 16. Nh3 O-O-O (16... g5 17. Qe3
Rg8 18. Be2 O-O-O 19. f4 gxf4 20. Qxf4 $14 {Simmelink,J-Price,B/IECG email 1999
}) 17. g5 Rh7 18. Qe3 Qb4 19. Nf4 Na4 20. Qb3 Qxb3 21. axb3 Nb6 22. c3 $14 {
Lambers,G-Van der Kleij,C/NED-ch21 corr 1991}) 13... h4 14. Nh3 (14. Bb5 $6 Bd7
15. Bxc6 Bxc6 16. Nh3 g5 17. Rdf1 Rg8 18. Qd1 Nc4 19. Nb1 Bb5 20. b3 Na5 21.
Re1 b6 $15 {Ljubicic,F-Kovacevic,V/Solin 1994}) (14. Qe3 Bd7 15. Rh3 O-O-O 16.
Be2 Kb8 17. Kb1 Rc8 18. Ng2 Na5 19. b3 c5 $15 {Kos,T-Zueger,B/Charleville 2000}
) 14... Bd7 15. Qe3 (15. g5 O-O-O 16. Qf4 Rh7 17. Ng1 Rdh8 18. Rh3 Na5 19. Nf3
Nac4 20. Bxc4 Nxc4 $13 {Krivec,J-Vovk,O/Bled 2002}) 15... a6 (15... O-O-O 16.
g5 $6 Kb8 17. f4 Na5 18. Nb1 Nac4 19. Bxc4 Nxc4 20. Qc3 c5 21. Nf2 Rc8 $17 {
Dworakowska,J-Zielinska,M/Brzeg Dolny 1995}) 16. f4 Na5 17. Qf2 Bb5 $5 18. Ng5
Nac4 $6 {[%cal Ge7b4] Black overestimates his chances on the queenside.} (18...
Bxf1 19. Rdxf1 O-O-O 20. Nd1 f6 21. exf6 Qxf6 22. Rxh4 Rxh4 23. Qxh4 Nc6 24. c3
e5 $1 $13) 19. Nb1 (19. Bxc4 $5 Nxc4 20. Nb1 O-O-O 21. b3 Nb6 22. Rxh4 Rxh4 23.
Qxh4 f6 24. exf6 Qxf6 25. Kb2 Bd7 26. Qe1 $14) 19... O-O-O 20. b3 Na3 21. Nxa3
Qxa3+ 22. Kb1 Qe7 23. Bd3 h3 (23... Bxd3 24. Rxd3 f6 25. exf6 Qxf6 26. Rdh3
Rdf8 27. Rxh4 Rxh4 28. Qxh4 $14) 24. Bxb5 axb5 25. Rd3 {Despite of the seeming
simplicity black's position is quite difficult due to the weakness on f7.} f6
$6 {[%csl Re6,Rg6] Getting rid of one weakness, but getting 2 others instead!}
26. exf6 Qxf6 27. Rdxh3 Rxh3 28. Rxh3 $16 {[%csl Rb6,Re6]} Rf8 29. Qe1 $6 ({
After correct} 29. Qe2 $142 $1 {the game wouldn't last that long:} Qxf4 (29...
Qxd4 30. Nxe6 Qg1+ 31. Kb2 Re8 32. Qe5 Kb8 33. Qxc7+ Ka7 34. Rh7 $18) 30. Rf3
Qd6 31. Qxe6+ Nd7 32. Rxf8+ Qxf8 33. Qxg6 $18) 29... Qxd4 30. Nxe6 Re8 {
[%csl Re1]} 31. Re3 Qf6 32. Nc5 Rxe3 (32... Rd8 33. Re8 Qc6 34. Rxd8+ Kxd8 35.
Ne6+ Kd7 36. Nf8+ Kd8 37. Qh4+ $18 {[%cal Gh4h8]}) 33. Qxe3 Qf7 34. Qe6+ Qxe6
35. Nxe6 $18 {[%csl Rg6] The endgame is easily winning for white.} Nd7 36. Kc1
b4 37. Kd2 c5 (37... Nf6 38. g5 Ng8 39. Ke3 Ne7 40. Kd4 $18) 38. Ke3 b5 39. g5
Kb7 40. f5 gxf5 41. Kf4 Kc6 42. g6 Nf6 43. Kxf5 Ng8 44. Ke5 d4 45. g7 Nh6 46.
Nf4 c4 47. Ke4 $1 (47. bxc4 $2 bxc4 48. Kxd4 b3 49. cxb3 cxb3 50. axb3 Nf5+ $11
) 47... Kd6 48. Ne2 d3 49. cxd3 c3 50. Nd4 Ng8 51. Nc2 Ke6 52. Nxb4 Kf7 53. Kd4
Kxg7 54. Kxc3 Nf6 55. Kd4 Nd7 56. Kd5 1-0

[Event "RUS-ch qual 57th"]
[Site "St Petersburg"]
[Date "2004.05.30"]
[Round "9"]
[White "Kurnosov, Igor"]
[Black "Gleizerov, Evgeny"]
[Result "1-0"]
[WhiteElo "2543"]
[BlackElo "2592"]
[Annotator "Finkel,A"]
[PlyCount "63"]
[EventDate "2004.05.21"]
[EventType "swiss"]
[EventRounds "9"]
[EventCountry "RUS"]
[SourceTitle "CBM 102"]
[Source "ChessBase"]
[SourceDate "2004.09.23"]
[SourceVersion "1"]
[SourceVersionDate "2004.09.23"]
[SourceQuality "1"]

1. e4 e6 2. d4 d5 3. Nc3 Nf6 4. Bg5 Be7 {For some reason this move is seen
very rarely at the top level, even though black's chances to get reasonable
counterplay aren't worse than after red hot 4...d:e4.} 5. e5 Nfd7 6. Bxe7 Qxe7
7. f4 O-O 8. Nf3 c5 9. Qd2 Nc6 10. dxc5 (10. g3) 10... Nxc5 11. O-O-O a6 12.
Qe3 {It's not so easy to assess if the queen is better placed on e3, than on
f2, but for some reason everybody prefers to put the queen on this spot!} (12.
Bd3 b5 13. Qf2 f5 14. exf6 Nxd3+ 15. Rxd3 Qxf6 16. g3 b4 17. Na4 $14 {Alekseev,
E-Gleizerov,E/Dubai 2003}) 12... b5 13. Kb1 b4 14. Ne2 Bb7 {Russian GM
Gleizerov is a real expert in this variation, so there is no wonder he comes
up with the move which wasn't tried before (at least according to Mega 2004).
On the other hand' the last move of black doesn't have such a big influence on
the character of the play in this line.} (14... Ne4 15. Ng3 (15. Ned4 Nxd4 16.
Rxd4 Bb7 17. Bd3 Rfd8 18. Ng5 h6 19. Nxe4 dxe4 20. Rxd8+ Rxd8 21. Bxe4 Bxe4 22.
Qxe4 $16 {Gdanski,J-Brynell,S/Germany 2002}) 15... Qc5 16. Qxc5 Nxc5 17. Bd3 a5
18. Rhe1 Ba6 19. Bxa6 Rxa6 20. h4 $14 {Short,N-Kortschnoj,V/Thessaloniki 1988})
(14... Na5 15. Ned4 Bd7 16. Bd3 Nxd3 17. cxd3 Rfc8 18. Rc1 Nb7 19. Nb3 Bb5 20.
Nfd4 Ba4 $11 {Hauser,T-Nagrocka,E/Germany 1992/}) (14... Rb8 15. Ned4 Nxd4 16.
Nxd4 Bd7 17. Bd3 a5 18. Rhf1 Nxd3 19. cxd3 Rfc8 20. g4 $16 {Lutz,C-Pedersen,J/
Saint Vincent 2000}) 15. Ng3 f5 (15... Rac8 16. f5 $140 f6 17. exf6 (17. fxe6
Nxe5 18. Nxe5 Qxe6) 17... Rxf6 18. fxe6 Rxe6 $132 {[%cal Gc5e4,Ga6a4,Gb4b3]})
16. exf6 Rxf6 17. Bd3 a5 18. Rhe1 a4 19. Nh5 Rh6 {[%csl Rh6]} ({The rook is
quite awkwardly placed on h6, so deserved attention} 19... Rff8 {with
comfortable position.}) 20. g4 b3 (20... a3 21. b3 Rc8 22. f5 Qf8 {[%csl Gh6]}
23. Qg5 $13) 21. a3 Nxd3 ({More accurate was to start with 21...d4, depriving
white a chance to take on d3 with the pawn.} 21... d4 $142 22. Qe2 (22. Nxd4
Nxd4 23. Qxd4 Bf3 24. Rd2 Bxg4 25. Ng3 Nxd3 26. cxd3 Rf6 $17) 22... bxc2+ 23.
Qxc2 Nxd3 24. Qxd3 Ba6 $13) 22. cxd3 d4 23. Qe2 Qd7 24. Rc1 Ba6 $2 {[%csl Rc6]
This move is the decisive mistake. Strangely enough a shaky position of the
knight on c6 proves to be extremly important.} (24... Rc8) 25. Rc5 $6 {Missing
a chance to decide the game with} (25. Nxg7 $1 Kxg7 26. Ne5 Bxd3+ (26... Nxe5
27. Qxe5+ Kg8 28. Rc7 $18) 27. Nxd3 Qd5 28. Rc5 $16) 25... Ne7 $6 (25... Rf8 {
would be more persistant.}) 26. Ne5 $18 {[%cal Gg4g5]} Qe8 (26... Qd6 27. Rec1
Nd5 28. g5 Rxh5 29. Qxh5 Qf8 30. Qg4 $18) 27. Rc7 Rf6 28. Qe4 (28. Nxf6+ gxf6
29. Nc4 $18) 28... Rf8 29. Nc6 Nf5 30. Nb4 Bb5 31. gxf5 Qxh5 32. Qe5 1-0

[Event "Prerov Friendship GM"]
[Site "Prerov"]
[Date "2001.12.06"]
[Round "3"]
[White "Heberla, Bartlomiej"]
[Black "Nalivajko, Evgeny"]
[Result "1-0"]
[WhiteElo "2390"]
[BlackElo "2481"]
[Annotator "Finkel,A"]
[PlyCount "79"]
[EventDate "2001.12.04"]
[EventType "tourn"]
[EventRounds "11"]
[EventCountry "CZE"]
[EventCategory "9"]
[SourceTitle "CBM 087"]
[Source "ChessBase"]
[SourceDate "2002.03.21"]
[SourceVersion "1"]
[SourceVersionDate "2002.03.21"]
[SourceQuality "1"]

1. e4 e6 2. d4 d5 3. Nc3 Nf6 4. Bg5 Be7 5. e5 Nfd7 6. Bxe7 Qxe7 7. Nb5 $5 {
This move used to be very popular in the begining of 20th century!} Nb6 8. c3
a6 9. Na3 c5 10. f4 (10. Nc2 Nc6 11. f4 cxd4 (11... Bd7 12. Nf3 Rc8 13. Qd2
cxd4 14. Ncxd4 Nxd4 15. Nxd4 $14 {Borgo,G-Satta,V/Porto San Giorgio 2000/EXT
2001}) 12. Nxd4 Bd7 13. Ngf3 Nc4 14. Bxc4 dxc4 15. Qe2 b5 16. O-O $14 {Al
Modiahki,M-Cave,C/Istanbul 2000/EXT 2001}) (10. Nf3 Nc6 11. Nc2 O-O 12. Be2 f6
13. exf6 Rxf6 14. O-O Bd7 15. Ne3 cxd4 16. cxd4 $14 {Rogers,I-Drasko,M/
Berlin-West 1986/EXT 97}) 10... Nc6 (10... O-O 11. Nf3 Nc6 12. Bd3 f6 13. O-O
c4 $2 14. Bc2 fxe5 15. fxe5 $16 {Bronstein,L-Mellano,S/Buenos Aires 1992/EXT 97
}) 11. Nf3 cxd4 12. cxd4 Qb4+ (12... Bd7 13. Qd2 (13. Be2 Qb4+ 14. Qd2 Na4 15.
Qxb4 Nxb4 16. Kd2 Rc8 17. Rhc1 Rxc1 18. Rxc1 Ke7 19. b3 Nb6 20. Nc2 $14 {
1/2-1/2 Romanovsky,P-Bogoljubow,E/Moscow 1925/HCL (20)}) 13... Rc8 14. Nc2 O-O
15. Bd3 Na7 16. O-O $14 {Marco,G-Showalter,J/Munich 1900/HCL}) 13. Qd2 Qxd2+ (
13... Na4 14. Qxb4 Nxb4 15. Kd2 Bd7 16. b3 Nb6 17. Nb1 Rc8 18. Nc3 Ke7 19. a3
Nc6 20. Bd3 $14 {Marco,G-Von Bardeleben,C/Munich 1900/HCL}) 14. Kxd2 Ke7 {
There is no doubt that with accurate play black should hold this position, but
in practice it's not so easy to do so!} (14... Bd7 15. Nc2 (15. b3 O-O 16. Nc2
f6 17. Bd3 fxe5 18. fxe5 Rf4 19. Ke3 $14 {Teichmann,R-Albin,A/Monte Carlo 1903/
HCL}) 15... Ne7 16. b3 Bb5 17. Rc1 Nc6 18. Ne3 O-O 19. g4 $14 {Narciso Dublan,
M-Rahal,M/Barcelona 1996/EXT 99}) 15. Nc2 a5 16. a4 Bd7 17. b3 $1 $14 {
Restricting black knight on b6!} Na7 {Probably intending to transfer b5 later
on.} 18. Bd3 g6 19. Rac1 Rhb8 20. Na3 Nbc8 21. Rc5 h6 22. Rhc1 $6 ({There was
nothing wrong with} 22. Rxa5 $5 b6 23. Ra6 Bc6 24. Nb5 Nxb5 25. axb5 Rxa6 (
25... Bb7 26. Ra4 $18) 26. bxa6 Ra8 27. Ra1 Kd8 28. b4 b5 29. Ke3 Kc7 30. Nd2
Kb6 31. Nb3 Rxa6 32. Rxa6+ Kxa6 33. Nc5+ Ka7 34. g4 $16 {and white has very
good winning chanses.}) 22... b6 23. Rc7 Kd8 24. R7c3 Ne7 (24... b5 $2 25. axb5
Nxb5 26. Nxb5 Bxb5 27. Rxc8+ Rxc8 28. Rxc8+ Kxc8 29. Bxb5 $18) 25. Ra1 b5 (
25... Rc8 $5 $14) 26. axb5 Nxb5 27. Bxb5 Bxb5 28. Rc5 Bd7 29. Kc3 {[%csl Ra5]}
Rb4 {[%cal Ga8b8]} 30. Nc2 (30. Ne1 $6 Rab8 {[%csl Rb3]}) 30... Rb5 31. Nfe1 {
[%cal Ge1d3]} Rxc5+ 32. dxc5 Nc6 33. Nf3 Rc8 $5 34. Nfd4 Nxd4 35. Kxd4 Rb8 (
35... Ra8 36. b4 $1 a4 37. Na3 Rb8 38. b5 $1 $18) 36. c6 $6 (36. Ra3 $14) 36...
Bxc6 37. Kc5 Bd7 (37... Rxb3 $5 38. Kxc6 (38. Nd4 $6 Rc3+ 39. Kd6 Bb7 40. Rxa5
Rc4 $17) 38... Rc3+ 39. Kd6 Rxc2 40. Rxa5 d4 41. Ra7 $13) 38. Nd4 Rc8+ $5 (
38... Ra8 $11 39. Kb6 Rb8+ 40. Kc5) 39. Kd6 (39. Kb6 $5 $11) 39... Ra8 40. b4
$17 (40. b4 a4 41. b5 a3 42. b6 Ra6 43. Kc5 a2 $17) 1-0

[Event "GER-ch 76th"]
[Site "Altenkirchen"]
[Date "2005.02.20"]
[Round "3"]
[White "Kritz, Leonid"]
[Black "Breutigam, Martin"]
[Result "1/2-1/2"]
[WhiteElo "2547"]
[BlackElo "2403"]
[Annotator "Finkel,A"]
[PlyCount "74"]
[EventDate "2005.02.18"]
[EventType "swiss"]
[EventRounds "9"]
[EventCountry "GER"]
[SourceTitle "CBM 106"]
[Source "ChessBase"]
[SourceDate "2005.06.06"]
[SourceVersion "1"]
[SourceVersionDate "2005.06.06"]
[SourceQuality "1"]

1. e4 e6 2. d4 d5 3. Nc3 Nf6 4. Bg5 Be7 5. e5 Ne4 $6 {The main drawback of
this rare continuation is a lack of an active counterplay for black, even
though black's position is quite solid.} 6. Bxe7 Qxe7 7. Bd3 Nxc3 8. bxc3 b6 {
To trade the lightsquared bishops is the most logical plan for black in this
kind of positions.} (8... c5 9. Qg4 (9. Nf3 Nc6 10. dxc5 Qxc5 11. Qd2 Bd7 12.
O-O h6 13. Rab1 b6 14. Ba6 Rb8 15. c4 dxc4 16. Rfd1 Rd8 $13 {Efimenko,Z-Fish,G/
Biel 2001}) 9... f5 10. exf6 Qxf6 11. Nf3 O-O 12. Qg3 (12. O-O) 12... Nc6 13.
Ng5 g6 14. h4 cxd4 15. h5 h6 16. Nf3 g5 $17 {Yates,F-Tartakower,S/Moscow 1925})
(8... Qa3 9. Kd2 h5 10. Qf3 Nd7 11. Qg3 Kf8 12. Nh3 Nb6 13. Ng5 Bd7 14. Qf4 Qe7
15. h4 $16 {Manca,F-Sulava,N/Formia 1994}) 9. Qg4 (9. Nh3 Qh4 10. O-O c5 11. f4
Nc6 12. f5 exf5 13. Bxf5 cxd4 14. Rf4 Qh6 15. Qg4 O-O 16. cxd4 $14 {Puhakka,
E-Kujala,A/Finland 1986}) (9. Ne2 c5 10. Nf4 g6 11. c4 cxd4 12. cxd5 exd5 13.
O-O $16 {Wegener,D-Claussen,U/Dresden 1993}) 9... g6 10. a4 Ba6 11. h4 (11. Nf3
Bxd3 12. cxd3 c5 13. O-O (13. a5 bxa5 14. Rxa5 cxd4 15. Qxd4 (15. Nxd4 $6 Qc7 {
[%csl Ra5,Re5]}) 15... O-O 16. Ra2 Nc6 17. Qe3 f6 $11) 13... Nc6 14. dxc5 bxc5
15. Rab1 O-O 16. Qf4 $14) 11... Bxd3 12. cxd3 h5 13. Qf4 Nc6 14. Nf3 Na5 15.
O-O Rc8 16. c4 $6 {[%cal Gf3g5,Gg5e4] It seems to me that this move is a bit
too optimistic. More in the spirit of the position was} (16. Ng5 c5 (16... O-O
$5) 17. dxc5 Rxc5 18. c4 O-O 19. cxd5 Rxd5 20. Ne4 Kg7 21. Nf6 Rxd3 22. Qg5 Rh8
23. Nxh5+ Kf8 24. Nf6 $36 {with some pressure.}) 16... dxc4 17. dxc4 Nxc4 18.
Ng5 c6 $6 {Unnecessarily weakening square d6.} (18... O-O 19. Ne4 Kg7 20. Rfc1
Na5 21. Rc3 c5 22. dxc5 bxc5 23. Rg3 c4 24. Nf6 Rh8 25. Rc1 $44) 19. Ne4 Kf8
20. Rfc1 Na5 21. Rc3 Kg7 22. Rac1 Rcd8 23. Nf6 c5 24. dxc5 bxc5 25. Rxc5 $2 {
Obviously blundering that after 26...N:c1 white can't take on e7 because of
the fork!} (25. Qg5 $5 $36) 25... Nb3 26. Rc7 Nxc1 27. Rxc1 (27. Rxe7 Ne2+ $19)
27... Rc8 $2 {Returning the favor!} (27... Rb8 $17) 28. Nxh5+ $1 $11 Rxh5 (
28... gxh5 29. Qg3+ Kh6 30. Qe3+ Kg6 31. Qg3+ Kh6 (31... Kf5 $2 32. Qf3+ Kxe5
33. Re1+ Kd6 34. Qd3+ Kc7 35. Rc1+ Kb8 36. Rb1+ Kc7 37. Qc3+ $18) 32. Qe3+ $11)
29. Rxc8 Qxh4 30. Qxh4 Rxh4 31. a5 Ra4 32. Rc5 g5 33. Kh2 Kg6 34. Kh3 Kf5 35.
Rc7 Ra3+ 36. g3 g4+ 37. Kg2 (37. Kh4 $2 f6 38. Rf7 (38. exf6 Ra1 39. Rc5+ e5
$19) 38... Kxe5 39. Kxg4 f5+ 40. Kg5 Rxa5 $17) 37... Rxa5 (37... Rxa5 38. Rxf7+
Kxe5 39. Rf4 $11) 1/2-1/2